000 00744nam a2200229 4500
003 OSt
005 20260601193855.0
008 260506b1966 caua|||| |||| 00| 0 eng d
040 _aICI
_bspa
_cICI
041 _aeng
050 _aTT197.5B8
_bS85 1966
100 1 _aEditorial Staff at Sunset Books
_932935
245 0 _aSunset ideas for storage :
_bbookshelves, cupboards, cabinets /
_cby the editorial staff of Sunset books
264 _aMenlo Park, California :
_bLane Books,
_c1966
300 _a128 páginas :
_b ilustraciones
336 _atexto
_2rdacontent
337 _asin medio
_2rdamedia
338 _avolumen
_2rdacarrier
650 _aMuebles empotrados
_932936
650 _aAlmacenamiento en el hogar
_932937
942 _2lcc
_cB
_n1
999 _c22021
_d22021